UK Towns Quiz - Newry, Mourne and Down - Northern Ireland - Statistics

General Stats
  • This quiz has been taken 60 times
  • The average score is 9 of 20
Answer Stats
Clue Town Population % Correct
N Newry 26,893
100%
W Warrenpoint 8,721
85%
D Downpatrick 10,874
75%
K Kilkeel 6,521
70%
N Newcastle 7,743
70%
R Rostrevor 2,788
60%
C Castlewellan 2,792
45%
A Annalong 1,796
40%
C Camlough 1,081
40%
C Crossmaglen 1,608
40%
B Ballynahinch 5,715
35%
B Bessbrook 2,739
35%
A Ardglass 1,643
30%
D Dundrum 1,551
30%
H Hilltown 1,698
30%
M Mayobridge 1,068
30%
C Crossgar 1,892
25%
K Killyleagh 2,928
25%
S Saintfield 3,406
25%
D Drumaness 1,344
15%
No matching quizzes found
Score Distribution
Percent of People with Each Score
Percentile by Number Answered
Your Score History
You have not taken this quiz